| 000 | 00372nam a2200121Ia 4500 | ||
|---|---|---|---|
| 008 | 240731s9999 xx 000 0 und d | ||
| 022 | _a2043-7897 | ||
| 245 | 0 | _aGlobal Discourse : An Interdisciplinary Journal of Current Affairs and Applied Contemporary Thought | |
| 260 | _bRoutledge | ||
| 856 | _uhttps://www.tandfonline.com/loi/rgld20 | ||
| 942 | _2ddc | ||
| 942 | _cTFEJ | ||
| 999 |
_c76745 _d76745 |
||
| 945 |
_a1 _bMadushi Gamage _c1 _dMadushi Gamage |
||